Sports Quiz

Random Sports or Rugby Quiz

National Rugby League Quiz Stats

 Plays Quiz Updated Feb 17, 2020

Support Sporcle.
Go Orange.
Score 0/16 Timer 05:00
0 Plays Today
First Year Team % Correct
1988Brisbane Broncos
86.1%
1998Melbourne Storm
85.3%
1908South Sydney Rabbitohs
82.3%
1908Sydney Roosters
82%
2000Wests Tigers
79.7%
1995New Zealand Warriors
78.6%
1947Parramatta Eels
77.8%
1947Manly-Warringah Sea Eagles
75.8%
First Year Team % Correct
1995North Queensland Cowboys
75.7%
2007Gold Coast Titans
75.3%
1982Canberra Raiders
75.2%
1935Canterbury-Bankstown Bulldogs
74.9%
1967Penrith Panthers
73.5%
1967Cronulla-Sutherland Sharks
73.2%
1999St. George Illawarra Dragons
72.7%
1988Newcastle Knights
71.2%

From the Vault

Type, Draw, Paint: The Simpsons

by kfastic

Here's your chance to be Matt Groening for a day.
Remove Ads.
Support Sporcle.
Get the best of Sporcle when you Go Orange. This ad-free experience offers more features, more stats, and more fun while also helping to support Sporcle. Thank you for becoming a member.

Show Comments

Extras

Top Quizzes Today


Score Distribution

Your Account Isn't Verified!

In order to create a playlist on Sporcle, you need to verify the email address you used during registration. Go to your Sporcle Settings to finish the process.

Report this User

Report this user for behavior that violates our Community Guidelines.

Details: